LEADER 03018nam1 22006373i 450 001 RAV0111622 005 20251003044324.0 010 $a8806046470 010 $a8806464744$bstampa 1997 100 $a19901003f19771997||||0itac50 ba 101 | $aita$cfre 102 $ait 181 1$6z01$ai $bxxxe 182 1$6z01$an 183 1$6z01$anc$2RDAcarrier 200 1 $aˆIl ‰gesto e la parola$fAndré Leroi-Gourhan 210 $aTorino$cG. Einaudi$d1977 215 $a2 volumi$cill.$d21 cm 225 | $aEinaudi paperbacks$v79 300 $aTrad. di Franco Zannino 410 0$1001CFI0000113$12001 $aEinaudi paperbacks$v79 463 1$1001LO10545445$12001 $aˆ1: ‰Tecnica e linguaggio$fAndré Leroi-Gourhan$v1 463 1$1001LO10545446$12001 $aˆ2: La ‰memoria e i ritmi$fAndré Leroi-Gourhan$v2 463 1$1001UBO0082626$12001 $aˆVol. 1: ‰Tecnica e linguaggio$fAndré Leroi-Gourhan$v1 463 1$1001UBO0082628$12001 $aˆVol. 2: La ‰memoria e i ritmi$fAndré Leroi-Gourhan$v2 463 1$1001UM10086135$12001 $aˆ2: La ‰memoria e i ritmi$fAndre Leroi-Gourhan$v2 500 10$aˆLe ‰geste et la parole$3SBL0146677$9CFIV052660$920188 606 $aLINGUAGGIO E COMUNICAZIONE$2FIR$3MILC028420$9E 606 $aLinguaggio$2FIR$3CFIC014534$9E 606 $aComunicazione non verbale$2FIR$3CFIC002547$9E 676 $a302$9Interazione sociale$v14 676 $a302.2$9Interazione sociale. Comunicazione$v20 676 $a302.2$9COMUNICAZIONE$v21 676 $a303.44$9CAMBIAMENTO SOCIALE. CRESCITA E SVILUPPO$v21 676 $a306$9CULTURA E ISTITUZIONI$v20 696 $aLinguaggio verbale 699 $aLinguaggio$yLinguaggio verbale 700 1$aLeroi-Gourhan$b, André$3CFIV052660$4070$0332488 702 1$aZannino$b, Franco$3RAVV003806 790 1$aGourhan$b, André Leroi$3VEAV034317$zLeroi-Gourhan, André 801 3$aIT$bIT-000000$c19901003 850 $aIT-BN0095 $aIT-AV0044 $aIT-NA0525 $aIT-SA0252 $aIT-NA0043 $aIT-AV0003 $aIT-AV0007 $aIT-NA0079 $aIT-SA0203 $aIT-NA0261 $aIT-NA0598 901 $bNAP 83$cIAN $n$ 901 $bNAP 56$cBIBLIOTECA$nComprende materiale librario di vario argomento 901 $bNAP AV$cSEZ. M 3 $n$ 901 $bNAP 39$cBIBLIOTECA$nComprende materiale librario moderno 901 $bNAP 01$cPOZZO LIB.$nVi sono collocati fondi di economia, periodici di ingegneria e scienze, periodici di economia e statistica e altri fondi comprendenti documenti di economia pervenuti in dono. 901 $bNAP MO$cFIL $n$ 901 $bNAP AR$cP. CICCONE$nDONAZIONE 901 $bNAP FM$cF.MENNA $nFondo originario di Filiberto Menna 912 $aRAV0111622 950 1$aBiblioteca Centralizzata di Ateneo$d 01POZZO LIB.ECON MON 3419 967 $m5 977 $a 01$a 39$a 56$a 83$a AN$a AR$a AV$a BN$a FM$a FT$a MO 996 $aGeste et la parole$920188 997 $aUNISANNIO